Prečo sú žiaci čoraz slabší

Výsledky medzinárodného výskumu 15-ročných žiakov PISA 2012 v 34 krajinách OECD. Slovensko v matematickej gramotnosti na 26. mieste, v čitateľskej gramotnosti na 32. mieste a v prírodovednej gramotnosti na 29. mieste. Čitateľská gramotnosť v SR podľa typov škôl. Vplyv sociálno-ekonomického prostredi...

Ausführliche Beschreibung

Gespeichert in:
Bibliographische Detailangaben
1. Verfasser: Sibyla, Pavel
Format: Buchkapitel
Sprache:Slowakisch
Schlagworte:
Tags: Tag hinzufügen
Keine Tags, Fügen Sie das erste Tag hinzu!

MARC

LEADER 00000naa a2200000 4500
001 0182139
005 20231113100826.1
041 0 |a slo 
044 |a SK 
245 1 0 |a Prečo sú žiaci čoraz slabší  |c Pavel Sibyla 
520 |a Výsledky medzinárodného výskumu 15-ročných žiakov PISA 2012 v 34 krajinách OECD. Slovensko v matematickej gramotnosti na 26. mieste, v čitateľskej gramotnosti na 32. mieste a v prírodovednej gramotnosti na 29. mieste. Čitateľská gramotnosť v SR podľa typov škôl. Vplyv sociálno-ekonomického prostredia na výkonnosť detí. 
610 2 0 |a vzdelávanie 
610 2 0 |a školstvo 
610 2 0 |a školy 
610 2 0 |a žiaci 
610 2 0 |a motivácia 
610 2 0 |a výskum 
610 2 0 |a gramotnosť 
610 2 0 |a Slovensko 
100 1 |a Sibyla, Pavel